Bharana sabdavali (Malayalam) Administrative glossary (Record no. 42455)

MARC details
000 -LEADER
fixed length control field 00336nam a2200121Ia 4500
020 ## - INTERNATIONAL STANDARD BOOK NUMBER
ISBN 8176383538
082 ## - DEWEY DECIMAL CLASSIFICATION NUMBER
Classification number 351.95(038)
Item number BHA
245 #0 - TITLE STATEMENT
Title Bharana sabdavali (Malayalam) Administrative glossary
250 ## - EDITION STATEMENT
Edition statement Ed.7
260 ## - PUBLICATION, DISTRIBUTION, ETC. (IMPRINT)
Place of publication Trivandrum
Name of publisher Kerala Bhasha Institute
Year of publication 2003
942 ## - ADDED ENTRY ELEMENTS (KOHA)
Koha item type Books
Holdings
Withdrawn status Lost status Damaged status Not for loan Home library Current library Date acquired Cost, normal purchase price Full call number Accession Number Koha item type
        RRII Library RRII Library 16/12/2021 63.00 351.95(038) BHA 22727 Books